MARC

LEADER 00000nas a2200000 a 4500
001 ssj0000457382
003 WaSeSS
005 20200512172242.0
006 m d
007 cr n
008 021009d20022002nyumr p s 0 a0eng c
010 |a  2002212438 
022 |l 1543-1266  |y 1543-1266 
035 |a (WaSeSS)ssj0000457382 
040 |a UIU  |b eng  |c UIU  |d NSD  |d DLC  |d NSD  |d DLC  |d BOS  |d OCLCQ  |d OCLCF  |d OCLCO  |d WaSeSS 
042 |a nsdp  |a pcc 
043 |a n-us--- 
050 0 0 |a TK6540  |b .B8432 
050 1 4 |a HE8689  |b .B76M 
082 1 0 |a 384  |2 13 
210 0 |a Videogr. digit. 
222 0 |a Videography's digitalTV 
245 0 0 |a Videography's digitalTV  |h [electronic resource]. 
246 3 |a Videography's digital TV 
246 3 |a Videography's digital television 
246 3 0 |a DigitalTV 
246 3 |a Digital TV 
246 3 |a Digital television 
260 |a New York, N.Y. :  |b United Entertainment Media,  |c 2002. 
310 |a Monthly 
362 0 |a Vol. 25, issue 3 (Mar. 2002)-v. 25, issue 7 (July 2002). 
500 |a Title from cover. 
506 |a License restrictions may limit access. 
650 0 |a Digital television  |v Periodicals. 
650 0 |a Television broadcasting  |z United States  |v Periodicals. 
650 7 |a Digital television.  |2 fast  |0 (OCoLC)fst00893733 
650 7 |a Television broadcasting.  |2 fast  |0 (OCoLC)fst01146714 
651 7 |a United States.  |2 fast  |0 (OCoLC)fst01204155 
655 0 |a Electronic journals. 
780 0 0 |t Television broadcast's digitalTV  |x 1534-6064  |w (OCoLC)46436930  |w (DLC) 2001248107 
785 0 0 |t DigitalTV, television broadcast  |x 1551-1928  |w (DLC) 2003210713  |w (OCoLC)50759036 
850 |a DLC 
856 4 0 |z Full text available from Research Library: 03/01/2002 to 07/31/2002  |u https://search.proquest.com/publication/27955